000 00285nam a22001217a 4500
008 170629b xxu||||| |||| 00| 0 eng d
041 _aeng
080 _a05
100 _a22
101 _aGJL
245 _aPROVERBA TE SHQIPES DHE TE GJUHEVE NEOLATINE
_cRAMADANI,R.H
942 _2udc
_cBK
999 _c19584
_d19584